Boywithuke- Guess the Song by the Lyric - Statistics

General Stats
  • This quiz has been taken 3,185 times
    1,703 since last reset
  • The average score is 19 of 56
Answer Stats
Hint Answer % Correct
Let mе hear the choir full of liars Problematic
62%
I'm on a tightrope, can't hit the high notes Migraine
61%
Toby tells me that he doesn't like your attitude Psycho
54%
Chewing on chocolate Toxic
54%
I remember that the rain doesn't hurt me when I say Bad Things
52%
We could binge watch movies night and day 2.9 Miles Away
49%
Got teeth along my arms when I hold you Blue
48%
I need a little bit, I just need a little bit more Before I Die
47%
I'm faceless, I'm nameless, I'm better off dead She Said No
47%
Pull the trigger, run away run away, run away Babydoll
46%
I've been sipping on kava tea Loafers
46%
He was just a poser, losin' his composure King of Nothing
45%
Is it because of the fame or are you feeling the same? Out Of Reach
45%
I see two moon, but walk six paths idtwcbf
44%
I got nobody on my side i'm a psycho Sick Of U
44%
Feeling Really Cold In The Midst Of July I Won't Let You Go
43%
I'll walk to Japan, if it means that I wont fall, off Rockstar
43%
Reconnecting these wires Scared of the Dark
42%
I'm wide awake, wide awake, I don't feel fear Lucid
41%
I touch the sky for you Blurry Nights
39%
Heard that you've been doing well, I wonder who you're with? Nightmare
39%
I'm sleep deprived and suicidal Can You Feel It?
38%
It's 4 AM, and your dad's come in Galaxy
37%
I've been thinking bout you all damn day Long Drives
37%
I'm losing my friends they won't say that they miss me Homesick
34%
I'm so gassed, stuck in the past Understand
34%
I know it wont be long till I see you Far Away
31%
Cause the further you go girl, the deeper the cuts Bad Luck
30%
I would say I'm free, and then I'd miss your calls Contigo
29%
I'll never get upset i'll just forget Heart of Ice
29%
Get me out of here Praires
29%
Singing as I stir my wheel Haha, Hi
28%
I'm so sick of all the fallacies and galaxies Kind of Sick of Life
28%
And I cleaned my room for the second time this year Route 9
28%
Got a heart made of ice IDGAF
27%
Yea, so I stay lonley Forget Me
26%
I know how to lie, but I don't know how to cope Nosedive
26%
Drinkin' up on my pain, whenever I hear your name Bad Blood
25%
But it's harder knowing that you weren't the one Camouflage
25%
I think I might die Hazel Eyes
25%
I just turned 18 Nihilist
25%
Pray that I won't let go this time around Trauma
25%
On plain sight, I'll start a fight Two Moons
25%
Oh baby, I wont make a sound I Wish
24%
Sorry I don't mean to be rude Shy
23%
I would rather choose a dare than a truth So Cold
23%
I know that you tried, but it wont end Let Me Down
22%
I'd like to hold your hand Lovely
22%
I'm suffering Bok Choy
21%
I can't say no to you Letter For My Bed
20%
I guess it's me who won the race Lost
20%
Even when I'm terrified Lovesick
20%
The beat goes up down Out Of Tune
18%
Keep it outta touch for me Zoning Out
18%
I got one foot in the grave Just Let Me Go
15%
Pray for God, I stay in disguise Sleep Deprived
15%
No matching quizzes found
Score Distribution
Percent of People with Each Score
Percentile by Number Answered
Your Score History
You have not taken this quiz since the last reset